Les résultats du Psg en ldc en 2023-2024 - Statistiques

Statistiques générales
  • Ce quiz a été pris 302 fois
  • Le résultat moyen est 11 sur 12
Statistiques - réponses
Hint Réponse % Correct
Psg - Dortmund 2-0
98%
Psg - Real Sociedad 2-0
98%
Dortmund - Psg 1-0
97%
Newcastle - Psg 4-1
96%
Psg - Dortmund 0-1
95%
Milan - Psg 2-1
95%
Psg - Newcastle 1-1
94%
Dortmund - Psg 1-1
94%
Real Sociedad - Psg 1-2
92%
Barcelone - Psg 1-4
92%
Psg - Barcelone 2-3
92%
Psg - Milan 3-0
92%
Aucun quiz correspondant
Distribution des résultats
% des personnes avec chaque résultat
Percentile par nombre de réponses
Votre historique - résultats
Vous n’avez pas pris ce quiz